Statistics for Courses at Cambridge University

Click here to take the quiz!

General Stats

  • This quiz has been taken 243 times
    (230 since last reset)
  • The average score is 11 of 28

Answer Stats

Answer% Correct
History
85%
English
83%
Mathematics
78%
Medicine
78%
Law
68%
Natural Science
64%
Economics
59%
Engineering
58%
Geography
57%
Classics
46%
Philosophy
46%
Computer Science
40%
Architecture
36%
Music
34%
Land Economy
32%
Education
28%
Modern and Medieval Languages
28%
Anglo-Saxon, Norse and Celtic
26%
Human, Social and Political Sciences
26%
Linguistics
25%
Veterinary Medicine
25%
History of Art
23%
Chemical Engineering
20%
Asian and Middle Eastern Studies
16%
Psychological and Behavioural Sciences
10%
Management Studies
5%
Manufacturing Engineering
2%
Theology and Religious Studies
2%

Score Distribution

Percentile by Number Answered

Percent of People with Each Score

Your Score History

You have not taken this quiz since the last reset